000 00635nam a2200205 a 4500
005 20210223123859.0
008 991125n 000 0 spa u
035 _aUPN01000076502
100 1 _aGargallo López, Bernardo
_939315
222 _aREVISTA DE EDUCACION
245 _aLa enseñanza de estrategias de expresión escrita en educación secundaria obligatoria : un programa de actuación didáctica
260 _aMadrid, España
300 _a353-367
362 0 _a1994 No. 305, sept.-dic.
653 0 _aAPRENDIZAJE
653 0 _aENSEÑANZA
653 0 _aEXPRESION ESCRITA
904 _aAC
_b014313
905 _aArticulo
999 _c67819
_d67819